Die 10 größten US-Bundesstaaten - Statistiken

Allgemein
  • Dieses Quiz wurde 1.033 mal gespielt
  • Das Durchschnittsergebnis liegt bei 7 aus 10
Antwortstatistiken
mi2 Bundesstaat % Korrekt
261,232 Texas
98%
155,779 Kalifornien
94%
570,641 Alaska
89%
109,781 Nevada
74%
113,594 Arizona
73%
145,546 Montana
72%
103,642 Colorado
63%
121,298 New Mexico
63%
97,093 Wyoming
60%
95,988 Oregon
56%
Keine übereinstimmenden Quizze gefunden
Verteilung der Resultate
Anzahl Personen mit jedem Resultat
Perzentil nach korrekt beantworteten Fragen
Ihre Resultats-Entwicklung
Sie haben dieses Quiz noch nicht gespielt